All Kendrick Lamar Songs - Statistics

General Stats
  • This quiz has been taken 3,804 times
    1,371 since last reset
  • The average score is 60 of 224
Answer Stats
Album Song % Correct
DAMN. HUMBLE.
84%
DAMN. DNA.
78%
To Pimp a Butterfly i
77%
To Pimp a Butterfly u
77%
Drake Diss #3 Not Like Us
75%
good kid, m.A.A.d city m.A.A.d City
74%
GNX luther
73%
To Pimp a Butterfly Alright
72%
DAMN. LOVE.
72%
Black Panther: The Album All the Stars
70%
GNX tv off
70%
good kid, m.A.A.d city Good Kid
69%
DAMN. DUCKWORTH.
67%
good kid, m.A.A.d city Money Trees
67%
DAMN. PRIDE.
67%
GNX gnx
66%
Drake Diss #1 euphoria
65%
GNX squabble up
65%
good kid, m.A.A.d city Swimming Pools (Drank)
64%
good kid, m.A.A.d city Swimming Pools (Drank) (Black Hippy Remix)
64%
To Pimp a Butterfly King Kunta
63%
DAMN. LOYALTY.
62%
good kid, m.A.A.d city B***h, Don't Kill My Vibe
61%
good kid, m.A.A.d city B***h, Don't Kill My Vibe (International Remix)
61%
good kid, m.A.A.d city B***h, Don't Kill My Vibe (Remix)
61%
To Pimp a Butterfly Wesley's Theory
61%
Drake Diss #2 meet the grahams
60%
Mr. Morale & The Big Steppers N95
60%
DAMN. XXX.
59%
good kid, m.A.A.d city Poetic Justice
56%
good kid, m.A.A.d city Sing About Me, I'm Dying of Thirst
56%
GNX wacced out murals
56%
good kid, m.A.A.d city Backseat Freestyle
55%
DAMN. BLOOD.
55%
DAMN. GOD.
55%
DAMN. LUST.
55%
untitled unmastered. untitled 01 | 08.19.2014.
55%
untitled unmastered. untitled 02 | 06.23.2014.
55%
untitled unmastered. untitled 05 | 09.21.2014.
55%
untitled unmastered. untitled 06 | 06.30.2014.
55%
untitled unmastered. untitled 07 | 2014 - 2016
55%
untitled unmastered. untitled 08 | 09.06.2014.
55%
DAMN. ELEMENT.
54%
DAMN. FEAR.
54%
New Single The Heart Part 5
54%
untitled unmastered. untitled 03 | 05.28.2013.
54%
untitled unmastered. untitled 04 | 08.14.2014.
54%
GNX gloria
53%
GNX peekaboo
53%
good kid, m.A.A.d city Compton
52%
GNX reincarnated
52%
To Pimp a Butterfly The Blacker the Berry
52%
Section.80 A.D.H.D
51%
GNX heart pt. 6
50%
GNX dodger blue
49%
To Pimp a Butterfly For Free? (Interlude)
49%
To Pimp a Butterfly These Walls
49%
Mr. Morale & The Big Steppers Count Me Out
48%
GNX man at the garden
48%
Mr. Morale & The Big Steppers United in Grief
48%
DAMN. YAH.
48%
Mr. Morale & The Big Steppers Mr. Morale
47%
good kid, m.A.A.d city Sherane a.k.a Master Splinter's Daughter
47%
DAMN. FEEL.
46%
GNX hey now
46%
To Pimp a Butterfly How Much a Dollar Cost
46%
To Pimp a Butterfly Mortal Man
46%
good kid, m.A.A.d city Real
46%
Mr. Morale & The Big Steppers Father Time
45%
good kid, m.A.A.d city The Art of Peer Pressure
45%
To Pimp a Butterfly For Sale? (Interlude)
44%
To Pimp a Butterfly Momma
44%
Single The Heart Part 4
44%
To Pimp a Butterfly Institutionalized
43%
Section.80 HiiiPoWeR
42%
To Pimp a Butterfly Hood Politics
39%
Mr. Morale & The Big Steppers Mother | Sober
39%
Mr. Morale & The Big Steppers Mirror
38%
Mr. Morale & The Big Steppers Rich (Interlude)
38%
good kid, m.A.A.d city The Recipe
38%
good kid, m.A.A.d city The Recipe (Black Hippy Remix)
38%
Mr. Morale & The Big Steppers We Cry Together
38%
To Pimp a Butterfly Complexion (A Zulu Love)
36%
Mr. Morale & The Big Steppers Die Hard
36%
Black Panther: The Album King's Dead
36%
Mr. Morale & The Big Steppers Purple Hearts
36%
Mr. Morale & The Big Steppers Rich Spirit
36%
Mr. Morale & The Big Steppers Savior
36%
Mr. Morale & The Big Steppers Savior (Interlude)
36%
Mr. Morale & The Big Steppers Worldwide Steppers
36%
Mr. Morale & The Big Steppers Silent Hill
35%
Overly Dedicated The Heart Pt. 2
35%
Mr. Morale & The Big Steppers Auntie Diaries
34%
good kid, m.A.A.d city Now or Never
34%
Section.80 F**k Your Ethnicity
32%
To Pimp a Butterfly You Ain't Gotta Lie
32%
Mr. Morale & The Big Steppers Crown
31%
Section.80 Rigamortis
31%
Section.80 Keisha's Song (Her Pain)
30%
Black Panther: The Album Pray for Me
30%
good kid, m.A.A.d city Black Boy Fly
29%
Section.80 Hol' Up
28%
Section.80 Ronald Reagan Era (His Evils)
28%
Section.80 Chapter Six
26%
Section.80 No Make-Up (Her Vice)
24%
Section.80 Tammy's Song (Her Evils)
24%
Newer Single The Hillbillies
24%
Section.80 Chapter Ten
23%
Black Panther: The Album Black Panther
22%
Section.80 Ab-Soul's Outro
21%
Section.80 Kush & Corinthians (His Pain)
21%
Section.80 Poe Man's Dreams (His Vice)
20%
Black Panther: The Album Big Shot
18%
Section.80 Blow My High (Members Only)
18%
Overly Dedicated Michael Jordan
18%
Overly Dedicated Barbed Wire
17%
Overly Dedicated Ignorance Is Bliss
17%
C4 B***h I'm in the Club
15%
good kid, m.A.A.d city County Building Blues
14%
Kendrick Lamar P & P
14%
Section.80 The Spiteful Chant
14%
Overly Dedicated Alien Girl (Today, W/ Her)
13%
Kendrick Lamar She Needs Me
13%
Overly Dedicated She Needs Me (Remix)
13%
Overly Dedicated Average Joe
11%
Overly Dedicated Cut You Off (To Grow Closer)
11%
Overly Dedicated Growing Apart (From Everything)
11%
Overly Dedicated Opposites Attract (Tomorrow, W/O Her)
11%
Overly Dedicated P&P 1.5
11%
good kid, m.A.A.d city Collect Calls
10%
Overly Dedicated H.O.C
10%
C4 Intro
10%
Y.H.N.I.C. (Hub City Threat: Minor of the Year) Intro (HOVA Song Freestyle)
10%
Overly Dedicated R.O.T.C. (Interlude)
9%
Bastards of the Party My People
7%
C4 A Milli
6%
Kendrick Lamar I Am (Interlude)
5%
Kendrick Lamar Celebration
4%
No One Ever Really Dies Don't Don't Do It
4%
Kendrick Lamar Faith
4%
Kendrick Lamar I Do This
4%
Overly Dedicated I Do This (Remix)
4%
C4 Best Rapper Under 25
3%
Y.H.N.I.C. (Hub City Threat: Minor of the Year) Biggie
3%
C4 Compton Chemistry
3%
Y.H.N.I.C. (Hub City Threat: Minor of the Year) Compton Life
3%
Kendrick Lamar Determined
3%
Y.H.N.I.C. (Hub City Threat: Minor of the Year) Drop It Like It's Hot (Freestyle)
3%
C4 Famous Pipe Game
3%
C4 G Code
3%
Overly Dedicated Heaven & Hell
3%
Kendrick Lamar Is It Love
3%
Kendrick Lamar Let Me Be Me
3%
C4 Mr. Carter (Alternate Wayne Verse)
3%
Overly Dedicated Night of the Living Junkies
3%
C4 Phone Home
3%
C4 Shot Down
3%
C4 Still Hustlin
3%
C4 Take Off Ur Pants
3%
Kendrick Lamar Wanna Be Heard
3%
C4 West Coast Wu Tang
3%
Training Day A Song for Buffy
2%
Training Day Blame God
2%
Training Day Blood Sport (Freestyle)
2%
Training Day Blow Them Horns
2%
No Sleep 'Til NYC Cali's Finest
2%
No Sleep 'Til NYC Dead Presidents III
2%
No Sleep 'Til NYC Death Around the Corner
2%
Training Day Dreams
2%
No Sleep 'Til NYC Enjoy Life
2%
Kendrick Lamar Far From Here
2%
C4 Friend of Mine
2%
No Sleep 'Til NYC Gangsta Party 08
2%
Training Day Get Throwed
2%
Y.H.N.I.C. (Hub City Threat: Minor of the Year) Go DJ
2%
Training Day Good Morning America
2%
Training Day Grammy Family (Freestyle)
2%
Training Day Gz and Hustlas
2%
No Sleep 'Til NYC Halfway Crooks
2%
Training Day Hard Body
2%
Y.H.N.I.C. (Hub City Threat: Minor of the Year) Hovi Baby
2%
Y.H.N.I.C. (Hub City Threat: Minor of the Year) How We Do
2%
Training Day Hpnotiq
2%
No Sleep 'Til NYC I Ain't No Joke
2%
Training Day I Feel It (Freestyle)
2%
Training Day Imagine
2%
Training Day Imma G
2%
Y.H.N.I.C. (Hub City Threat: Minor of the Year) Industry N***as (Skit)
2%
Training Day Interview with DJ Dave Part 1
2%
Training Day Interview with DJ Dave Part 2
2%
Training Day Interview with DJ Dave Part 3
2%
Training Day Interview with DJ Dave Part 4
2%
Training Day Interview with DJ Dave Part 5
2%
Training Day J. Dilla (Freestyle)
2%
No Sleep 'Til NYC Kick in the Door
2%
Training Day Man of the Hour
2%
C4 Misunderstood
2%
Training Day Never Die
2%
No Sleep 'Til NYC OG Julio G
2%
Training Day One Shot Kill
2%
C4 Play With Fire
2%
No Sleep 'Til NYC Preach
2%
Training Day Prototype
2%
Y.H.N.I.C. (Hub City Threat: Minor of the Year) Put That on Something
2%
Y.H.N.I.C. (Hub City Threat: Minor of the Year) Ride Up
2%
No Sleep 'Til NYC Smooth Operator
2%
Kendrick Lamar Thanksgiving
2%
Training Day The Best Rapper Alive
2%
No Sleep 'Til NYC The Show
2%
No Sleep 'Til NYC Topdawg Ent.
2%
Kendrick Lamar Trip
2%
Kendrick Lamar Uncle Bobby & Jason Keaton
2%
Kendrick Lamar Vanity Slaves
2%
Y.H.N.I.C. (Hub City Threat: Minor of the Year) What the Deal
2%
Training Day Who Shot Ya (Freestyle)
2%
C4 Young & Black
2%
No Sleep 'Til NYC Can't Be Faded
1%
No Sleep 'Til NYC DJ Big Mike Intro
1%
No Sleep 'Til NYC DJ Warrior Outro
1%
Watts Finest Vol. I Go K-Dot Freestyle
1%
No Sleep 'Til NYC It Ain't Hard 2 Tell
1%
No Sleep 'Til NYC New Pimpin
1%
No Sleep 'Til NYC The Real Hip Hop (Freestyle)
1%
C4 Welcome 2 the C4
1%
No matching quizzes found
Score Distribution
Percent of People with Each Score
Percentile by Number Answered
Your Score History
You have not taken this quiz since the last reset